000 00616nam a2200229Ia 4500
003 OSt
005 20220918211656.0
006 a|||||r|||| 00| 0
007 ta
008 220917b |||||||| |||| 00| 0 eng d
024 _a125,214
037 _cTextual
040 _aARTS
_cARTS
_beng
041 _2eng
_aeng
082 _aV5921:2.N91, N1
245 0 _aConstitution of Romania edited by the Monitorul Oficial
260 _aBucharest
_bSelf managed public company
_c1991
300 _a125p.
_ccm.
650 _aHISTORY
942 _hV5921:2.N91, N1
_cTEXL
_2CC
999 _c248393
_d248393